ՀՀ Գիտությունների ազգային ակադեմիայի հիմնարար գիտական գրադարան  =   Fundamental Scientific Library of NAS RA

Միքայել Նալբանդյանի կյանքի և գործունեության տարեգրությունը / (Record no. 11754)

MARC details
000 -LEADER
fixed length control field 01711nam a2200313 a 4500
001 - CONTROL NUMBER
control field 000027325
003 - CONTROL NUMBER IDENTIFIER
control field AM-YEHGA
005 - DATE AND TIME OF LATEST TRANSACTION
control field 20260121110315.0
008 - FIXED-LENGTH DATA ELEMENTS--GENERAL INFORMATION
fixed length control field 980320s1980 ai |||||||||||arm d
040 ## - CATALOGING SOURCE
Original cataloging agency AM-YeHGA
041 0# - LANGUAGE CODE
Language code of text/sound track or separate title arm
100 1# - MAIN ENTRY--PERSONAL NAME
Personal name Ինճիկյան, Արամ Մկրտչի,
Dates associated with a name 1910-1975
9 (RLIN) 2532
245 10 - TITLE STATEMENT
Title Միքայել Նալբանդյանի կյանքի և գործունեության տարեգրությունը /
Statement of responsibility, etc. Ա.Մ. Ինճիկյան; Խմբ.՝ Պ.Հ. Հակոբյան, Ս.Կ. Դարոնյան; ՀՍՍՀ ԳԱ Մ. Աբեղյանի անվ. գրակ. ին-տ.
246 15 - VARYING FORM OF TITLE
Title proper/short title Летопись жизни и деятельности Микаела Налбандяна
250 ## - EDITION STATEMENT
Edition statement 2-րդ հրատ., ճշտումներով և լրացված
260 ## - PUBLICATION, DISTRIBUTION, ETC.
Place of publication, distribution, etc. Երևան :
Name of publisher, distributor, etc. ՀՍՍՀ ԳԱ հրատ.,
Date of publication, distribution, etc. 1980.
300 ## - PHYSICAL DESCRIPTION
Extent 407 էջ,
Other physical details լուսանկ., դիմանկ.
500 ## - GENERAL NOTE
General note Լրացումներ և ծանոթագր. հայ. և ռուս. լեզուներով, էջ՝ 317-341
504 ## - BIBLIOGRAPHY, ETC. NOTE
Bibliography, etc. note Ցանկեր, էջ՝ 391-407
525 ## - SUPPLEMENT NOTE
Supplement note Հավելված, էջ` 354-388
600 14 - SUBJECT ADDED ENTRY--PERSONAL NAME
Personal name Նալբանդյան, Միքայել Ղազարի,
Dates associated with a name 1829-1866
9 (RLIN) 1468
650 14 - SUBJECT ADDED ENTRY--TOPICAL TERM
Topical term or geographic name entry element Հայ գրականագիտություն
9 (RLIN) 4862
653 0# - INDEX TERM--UNCONTROLLED
Uncontrolled term Հայ անվանի գրողներ
700 1# - ADDED ENTRY--PERSONAL NAME
Personal name Հակոբյան, Պիոն Հովսեփի,
Dates associated with a name 1926-2000
Relator term խմբ.
Relationship edt
9 (RLIN) 1206
700 1# - ADDED ENTRY--PERSONAL NAME
Personal name Դարոնյան, Սերգեյ Կարպի,
Dates associated with a name 1925-1990
Relator term խմբ.
Relationship edt
9 (RLIN) 2555
710 2# - ADDED ENTRY--CORPORATE NAME
Corporate name or jurisdiction name as entry element Մ. Աբեղյանի անվան գրականության ինստիտուտ ՀՍՍՀ ԳԱ
856 41 - ELECTRONIC LOCATION AND ACCESS
Uniform Resource Identifier <a href="https://arar.sci.am/dlibra/publication/432680/edition/399600/content">https://arar.sci.am/dlibra/publication/432680/edition/399600/content</a>
Link text Կարդալ առցանց
942 ## - ADDED ENTRY ELEMENTS (KOHA)
Source of classification or shelving scheme Universal Decimal Classification
Koha item type Գրքեր / Books
Holdings
Withdrawn status Lost status Damaged status Not for loan Collection Home library Current library Date acquired Total checkouts Full call number Barcode Date last seen Price effective from Koha item type Public note
        General Fundamental Scientific Library Fundamental Scientific Library 21/12/2016   АII/63066 220063066 21/12/2016 21/12/2016 Գրքեր / Books 30 Days Loan
        General Fundamental Scientific Library Fundamental Scientific Library 21/12/2016   АII/63187 220063187 21/12/2016 21/12/2016 Գրքեր / Books 30 Days Loan
        General Fundamental Scientific Library Fundamental Scientific Library 21/12/2016   АII/63188 220063188 21/12/2016 21/12/2016 Գրքեր / Books 30 Days Loan
        General Fundamental Scientific Library Fundamental Scientific Library 21/12/2016   АII/63189 220063189 21/12/2016 21/12/2016 Գրքեր / Books 30 Days Loan


ՀՀ ԳԱԱ հիմնարար գիտական գրադարան
ՀՀ,Երևան 0019
Մարշալ Բաղրամյան 24/6
հեռախոս:(374-10) 52-47-50
Հետադարձ կապ

All site content, except where otherwise noted, is licensed under a
Creative Commons License